Tratado único y singular del origen de los indios del Perú, Méjico, Santa Fé y Chile / (Record no. 163678)

MARC details
000 -LEADER
campo de control de longitud fija 01290nam a2200253 i 4500
001 - NÚMERO DE CONTROL
campo de control 163678
003 - IDENTIFICADOR DE NÚMERO DE CONTROL
campo de control ES-MaACL
005 - FECHA Y HORA DE LA ÚLTIMA TRANSACCIÓN
campo de control 20250824202956.0
008 - DATOS DE LONGITUD FIJA--INFORMACIÓN GENERAL
campo de control de longitud fija 931025s1891 sp |||| | spa d
100 1# - ENTRADA PRINCIPAL--NOMBRE DE PERSONA
Nombre de persona Rocha, Diego Andrés.
9 (RLIN) 131910
245 10 - MENCIÓN DEL TÍTULO
Título Tratado único y singular del origen de los indios del Perú, Méjico, Santa Fé y Chile /
Mención de responsabilidad, etc. por el Dr. Diego Andrés Rocha.
260 ## - PUBLICACIÓN, DISTRIBUCIÓN, ETC.
Lugar de publicación, distribución, etc. Madrid :
Nombre del editor, distribuidor, etc. [s.n.],
Fecha de publicación, distribución, etc. 1891 (
Fabricante en la imp. de Cayetano García y Tomás Minuesa)
300 ## - DESCRIPCIÓN FÍSICA
Extensión 2 v. (XIV, 222 p. ; 218 p.) ;
Dimensiones 18 cm.
490 1# - MENCIÓN DE SERIE
Mención de serie Colección de libros raros o curiosos que tratan de América ;
Designación de volumen o secuencia 3-4
510 4# - NOTA DE CITAS O REFERENCIAS BIBLIOGRÁFICAS
Nombre de la fuente Palau,
Localización dentro de la fuente 271818
530 ## - NOTA DISPONIBLE DE FORMULARIO FÍSICO ADICIONAL
Nota de formato físico adicional disponible Disponible también en sitio web.
596 ## - NOTA AL PIE DE IMPRENTA
NOTA AL PIE DE IMPRENTA El v. 2 se imprime en la de Minuesa.
650 04 - PUNTO DE ACCESO ADICIONAL DE MATERIA--TÉRMINO DE MATERIA
Término de materia o nombre geográfico como elemento de entrada Indios de América-
Subdivisión general Origen.
9 (RLIN) 13673
830 00 - PUNTO DE ACCESO ADICIONAL DE SERIE-TÍTULO UNIFORME
Título uniforme Colección de libros raros o curiosos que tratan de América
Designación de volumen o secuencia 3-4
9 (RLIN) 188448
852 ## - LOCALIZACIÓN
Ubicación ES-MaACL
Número de control de estantería R-2960-79
Nota libre -- Enc. pasta española
Encuadernación Olim:D-3069-88
856 ## - LOCALIZACIÓN Y ACCESO ELECTRÓNICOS
Identificador Uniforme de Recursos <a href="http://bibliotecadigitalhispanica.bne.es:80/webclient/DeliveryManager?pid=3658452&custom_att_2=simple_viewer">http://bibliotecadigitalhispanica.bne.es:80/webclient/DeliveryManager?pid=3658452&custom_att_2=simple_viewer</a>
Nota pública Ir a la página
856 ## - LOCALIZACIÓN Y ACCESO ELECTRÓNICOS
Identificador Uniforme de Recursos <a href="http://bibliotecadigitalhispanica.bne.es:80/webclient/DeliveryManager?pid=3658453&custom_att_2=simple_viewer">http://bibliotecadigitalhispanica.bne.es:80/webclient/DeliveryManager?pid=3658453&custom_att_2=simple_viewer</a>
Nota pública Ir a la página
Holdings
Estatus retirado Estado de pérdida Estado de daño No para préstamo Colección Biblioteca de origen Biblioteca actual Ubicación en estantería Fecha de adquisición Total de préstamos Signatura topográfica completa Código de barras Visto por última vez Precio de reemplazo Tipo de ítem Koha
        Colección digital Biblioteca del Ateneo de Madrid Biblioteca del Ateneo de Madrid Depósito 17/01/2008   R-2960-79 1171521 23/02/2023 23/02/2023 Libro impreso antiguo